The reprieve / (Record no. 17623)
[ view plain ]
| 000 -LEADER | |
|---|---|
| fixed length control field | 01099cam a2200337 a 4500 |
| 001 - CONTROL NUMBER | |
| control field | 17623 |
| 003 - CONTROL NUMBER IDENTIFIER | |
| rucl marc code | BD-RJUL |
| 005 - DATE AND TIME OF LATEST TRANSACTION | |
| control field | 20211209000153.0 |
| 008 - FIXED-LENGTH DATA ELEMENTS--GENERAL INFORMATION | |
| fixed length control field | 880808s1963 enk 000 1 eng d |
| 035 ## - SYSTEM CONTROL NUMBER | |
| System control number | oxf98310704 |
| System control number | (BD-RjUL)17681 |
| 040 ## - CATALOGING SOURCE | |
| Original cataloging agency | CHE |
| Transcribing agency | CHE |
| Modifying agency | EQO |
| -- | BD-RjUL |
| Language of cataloging | eng |
| 041 1# - LANGUAGE CODE | |
| Language code of text/sound track or separate title | eng |
| Language code of original | fre |
| 082 04 - DEWEY DECIMAL CLASSIFICATION NUMBER | |
| Classification number | 813 |
| Author mark and year | SAR 1963 |
| 090 ## - LOCALLY ASSIGNED LC-TYPE CALL NUMBER (OCLC); LOCAL CALL NUMBER (OCLC) | |
| Classification number (OCLC) (R) ; Classification number, CALL (RLIN) (NR) | PQ2637.A82 |
| Local cutter number (OCLC) ; Book number/undivided call number, CALL (RLIN) | S82x 1963 |
| 100 1# - MAIN ENTRY--PERSONAL NAME | |
| Personal name | Sartre, Jean-Paul, |
| Dates associated with a name | 1905-1980. |
| 9 (RLIN) | 4359 |
| 245 14 - TITLE STATEMENT | |
| Title | The reprieve / |
| Statement of responsibility, etc. | Jean-Paul Sartre ; translated [with revisions] by Eric Sutton |
| 260 ## - PUBLICATION, DISTRIBUTION, ETC. (IMPRINT) | |
| Place of publication, distribution, etc. | Harmondsworth : |
| Name of publisher, distributor, etc. | Penguin Books, |
| Date of publication, distribution, etc. | 1963. |
| 300 ## - PHYSICAL DESCRIPTION | |
| Pagination | 376 p. ; |
| Size | 19 cm. |
| 490 1# - SERIES STATEMENT | |
| Series statement | Penguin books (Series) ; |
| Volume/sequential designation | 1823 |
| Series statement | Penguin modern classics |
| 500 ## - GENERAL NOTE | |
| General note | Translation of: Le sursis |
| General note | Sutton's original translation first published: Hamish Hamilton, 1947 |
| 650 ## - SUBJECT ADDED ENTRY--TOPICAL TERM | |
| Topical term or geographic name as entry element | Munich Four-Power Agreement -- (1938) -- |
| Form subdivision | Fiction. |
| 9 (RLIN) | 54335 |
| 830 #0 - SERIES ADDED ENTRY--UNIFORM TITLE | |
| Volume number/sequential designation | 1823 |
| Uniform title | Penguin books (Series) ; |
| Uniform title | Penguin modern classics |
| 942 ## - ADDED ENTRY ELEMENTS (KOHA) | |
| Source of classification or shelving scheme | Dewey Decimal Classification |
| Koha item type | Books |
| Lost status | Source of classification or shelving scheme | Damaged status | Not for loan | Collection code | Permanent Location | Current Location | Shelving location | Date acquired | Source of acquisition | Cost, normal purchase price | Total Checkouts | Full call number | Date last seen | Copy number | Koha item type |
|---|---|---|---|---|---|---|---|---|---|---|---|---|---|---|---|
| Dewey Decimal Classification | Not For Loan | Fiction | Central Library, University of Rajshahi | Central Library, University of Rajshahi | Reading Room | 29/10/1990 | shaukat osman | 0.00 | 813 SAR 1963 | 17/02/2014 | C-1 | Books |